Diseases of cats

Guardat en:
Dades bibliogràfiques
Autor principal: Wilkinson, G T
Format: Llibre
Idioma:Undetermined
Publicat: Sydney University of Sydney Post Graduate Foundation in Veterinary Scienve 1990
Matèries:
Etiquetes: Afegir etiqueta
Sense etiquetes, Sigues el primer a etiquetar aquest registre!
Thư viện lưu trữ: Trung tâm Học liệu Trường Đại học Cần Thơ
LEADER 00536nam a2200193Ia 4500
001 CTU_126537
008 210402s9999 xx 000 0 und d
082 |a 636.80896 
082 |b W686 
100 |a Wilkinson, G T 
245 0 |a Diseases of cats 
245 0 |c G T Wilkinson 
260 |a Sydney 
260 |b University of Sydney Post Graduate Foundation in Veterinary Scienve 
260 |c 1990 
650 |a Cats 
650 |x Diseases 
904 |i M.Loan, Huỳnh Mai 
980 |a Trung tâm Học liệu Trường Đại học Cần Thơ